[Event "ch39"]
[Site "ch39 Leningrad"]
[Date "1971.??.??"]
[Round "?"]
[White "Balashov, Yuri S"]
[Black "Stein, Leonid Z"]
[Result "1-0"]
[WhiteElo "2570"]
[BlackElo "2620"]
[PlyCount "77"]
[EventDate "1971.??.??"]
[Source "www.chesslib.no"]
[SourceDate "2004.05.04"]

1. d4 Nf6 2. c4 c5 3. d5 d6 4. Nc3 g6 5. Nf3 Bg7 6. e4 O-O 7. h4 e6 8. Bd3 exd5 9. exd5 Re8+ 10. Be3 Na6 11. O-O Nc7 12. a4 Na6 13. Rc1 Nb4 14. Bb1 a6 15. Bf4 Qc7 16. Qd2 Bd7 17. Be3 Ng4 18. Rfd1 Nxf2 19. Bg5 Rf8 20. g4 Rfb8 21. Bd8 Bh8 22. Ne5 Bxg4 23. Bf5 Bg7 24. Bxg4 Nfd3 25. Nxd3 g5 26. Bf5 Nc2 27. Qf4 Bh8 28. Re1 Qb6 29. Bxg5 Rd8 30. Qf3 Rd7 31. Rxc2 Rad8 32. Qh5 Qc6 33. Nb5 Qxb5 34. Rg2 Rf8 35. Bg6 f5 36. cxb5 Rc7 37. Rf1 c4 38. Rg3 Rff7 39. Bxf5 1-0

[Event "USA-ch m"]
[Site "Jacksonville"]
[Date "1990.??.??"]
[Round "2"]
[White "Gulko, Boris F"]
[Black "Dzindzichashvili, Roman"]
[Result "1-0"]
[WhiteElo "2600"]
[BlackElo "2560"]
[PlyCount "71"]
[EventDate "1990.08.??"]
[Source "ChessBase"]

1. d4 Nf6 2. c4 c5 3. d5 d6 4. Nc3 g6 5. e4 Bg7 6. Nge2 b5 7. cxb5 a6 8. Ng3 O-O 9. a4 Qa5 10. Ra3 h5 11. Bd3 h4 12. Nge2 h3 13. O-O hxg2 14. Kxg2 e6 15. dxe6 Bxe6 16. Nf4 Qc7 17. Nxe6 fxe6 18. Bc4 Qe7 19. Bg5 Nbd7 20. bxa6 Ne5 21. Be2 Nf7 22. Be3 Rad8 23. Bc1 d5 24. exd5 exd5 25. Nb5 Ne5 26. Bg5 Qe6 27. a7 d4 28. f4 d3 29. fxe5 dxe2 30. Qxe2 Qc6+ 31. Kg1 Rde8 32. Bxf6 Rxf6 33. Rxf6 Bxf6 34. Qc4+ Kf8 35. Nd6 Qd7 36. Rf3 1-0

[Event "Zaragoza"]
[Site "?"]
[Date "1993.??.??"]
[Round "?"]
[White "Damljanovic, B."]
[Black "Franco, Z."]
[Result "1-0"]
[WhiteElo "2550"]
[BlackElo "2505"]
[PlyCount "107"]
[EventDate "1993.??.??"]
[Source "ChessBase"]
[SourceDate "1993.02.01"]

1. d4 Nf6 2. c4 c5 3. d5 d6 4. Nc3 g6 5. e4 Bg7 6. Nf3 O-O 7. h3 Na6 8. Bd3 Nc7 9. O-O e5 10. Bg5 h6 11. Bd2 a6 12. a4 Nh5 13. Re1 Nf4 14. Bxf4 exf4 15. a5 Re8 16. Bc2 Be5 17. Qd2 Qf6 18. Na4 g5 19. Ra3 h5 20. Nxe5 Rxe5 21. Nb6 Rb8 22. Bd1 Qe7 23. g3 fxg3 24. Rxg3 h4 25. Nxc8 Rxc8 26. Rg4 Re8 27. Bc2 Kh7 28. Kh1 Rg8 29. Reg1 Rg6 30. f4 gxf4 31. Qxf4 Ne8 32. Rxh4+ Kg8 33. Qh6 Rxg1+ 34. Kxg1 Rg5+ 35. Kf2 Qf6+ 36. Qxf6 Nxf6 37. Bd1 Kg7 38. b3 Re5 39. Ke3 Re8 40. Rf4 Nd7 41. Rf2 Ne5 42. h4 Rb8 43. h5 b5 44. axb6 Rxb6 45. Ra2 Kh6 46. Kd2 Kg5 47. Kc3 Kh6 48. Be2 Kg5 49. Ra1 Kf4 50. h6 Kxe4 51. Bd1 Ng6 52. Bc2+ Ke5 53. Re1+ Kf6 54. Re8 1-0

[Event "NBC-30"]
[Site "?"]
[Date "1997.??.??"]
[Round "?"]
[White "Compagnie, Luc G (NLD)"]
[Black "Soltau, Achim (GER)"]
[Result "0-1"]
[WhiteElo "2455"]
[BlackElo "2565"]
[PlyCount "80"]
[EventDate "1997.??.??"]
[Source "www.chesslib.no"]
[SourceDate "2004.05.04"]

1. d4 Nf6 2. c4 c5 3. d5 d6 4. Nc3 g6 5. e4 Bg7 6. Nge2 Na6 7. Ng3 Nc7 8. Be2 Bd7 9. O-O Rb8 10. f4 O-O 11. a4 b6 12. Be3 a6 13. Qd2 b5 14. axb5 axb5 15. b3 Ng4 16. Bxg4 Bxg4 17. Ra7 bxc4 18. bxc4 Rb3 19. Nd1 Qb8 20. Ra2 Bc8 21. Qc2 Ba6 22. Bd2 Qb7 23. Ba5 Na8 24. Ne2 Rb8 25. Nc1 Rb1 26. Rf3 Bb2 27. Bd2 Nc7 28. Kf1 Bg7 29. Raa3 Qc8 30. Ke1 R1b7 31. Ra2 e6 32. Ba5 exd5 33. exd5 Na8 34. Re3 Qg4 35. Bd2 Ra7 36. Re2 Nb6 37. Nd3 Raa8 38. N3b2 Re8 39. Be3 Bxb2 40. Nxb2 g5 0-1

[Event "Samara (Russia)"]
[Site "?"]
[Date "2004.03.11"]
[Round "10"]
[White "Vitiugov Nikita"]
[Black "Khismatullin Denis"]
[Result "0-1"]
[WhiteElo "2458"]
[BlackElo "2552"]
[PlyCount "80"]
[EventDate "2004.??.??"]
[Source "www.chesslib.no"]
[SourceDate "2004.05.04"]

1. d4 Nf6 2. c4 c5 3. d5 d6 4. Nc3 e5 5. e4 Be7 6. Bd3 O-O 7. h3 Nbd7 8. Be3 Ne8 9. Nf3 g6 10. g4 Ng7 11. Qd2 a6 12. a4 Nf6 13. a5 Kh8 14. b4 cxb4 15. Na4 Nd7 16. Qxb4 f5 17. gxf5 gxf5 18. exf5 Nxf5 19. Bxf5 Rxf5 20. Nd2 Nf8 21. Nb6 Rb8 22. O-O-O Rf7 23. f4 Ng6 24. fxe5 Nxe5 25. Bd4 Bf5 26. Nf3 Bg6 27. Rhf1 Kg8 28. Bxe5 dxe5 29. d6 Bf8 30. Qd2 e4 31. Nh2 Rxf1 32. Nxf1 Qf6 33. Qd5+ Kh8 34. Qd4 Bh6+ 35. Kb2 Qxd4+ 36. Rxd4 e3 37. Ng3 Bg7 38. Kc3 Bh5 39. Kd3 Bxd4 40. Nxh5 Rd8 0-1

[Event "New York op"]
[Site "New York"]
[Date "1989.??.??"]
[Round "5"]
[White "Thorsteins, Karl"]
[Black "Murey, Jacob"]
[Result "1/2-1/2"]
[WhiteElo "2430"]
[BlackElo "2560"]
[PlyCount "74"]
[EventDate "1989.03.??"]
[Source "ChessBase"]

1. d4 Nf6 2. c4 c5 3. d5 d6 4. Nc3 g6 5. e4 Bg7 6. Nf3 O-O 7. h3 e5 8. Bg5 h6 9. Be3 Na6 10. a3 Bd7 11. Bd3 b6 12. g4 Kh7 13. Nd2 Nc7 14. b4 Qc8 15. Bc2 a6 16. Rb1 Rb8 17. Ne2 Nce8 18. Ng3 Ng8 19. O-O Ne7 20. Ba4 Bxa4 21. Qxa4 f5 22. exf5 gxf5 23. gxf5 Nxf5 24. Kh2 Kh8 25. Qc6 Qd8 26. bxc5 dxc5 27. Nxf5 Rxf5 28. Ne4 Qh4 29. f3 Nf6 30. Qe6 Rf4 31. Bxf4 Qxf4+ 32. Kh1 Nxe4 33. fxe4 Qxe4+ 34. Kh2 Qe2+ 35. Kh1 Qxc4 36. Rg1 Qe4+ 37. Kh2 Qc2+ 1/2-1/2

[Event "RUS Army Ch"]
[Site "Russia"]
[Date "1995.??.??"]
[Round "?"]
[White "Kiselev, Sergey"]
[Black "Cherniaev, Alexander"]
[Result "1/2-1/2"]
[WhiteElo "2495"]
[BlackElo "2450"]
[PlyCount "35"]
[EventDate "1995.??.??"]
[Source "www.chesslib.no"]
[SourceDate "2004.05.04"]

1. d4 Nf6 2. c4 c5 3. d5 d6 4. Nc3 g6 5. e4 Bg7 6. Qa4+ Bd7 7. Qb3 Na6 8. Nf3 O-O 9. Be2 Rb8 10. O-O Nc7 11. a4 e6 12. h3 exd5 13. cxd5 Re8 14. Bd3 b5 15. axb5 Bxb5 16. Qd1 a6 17. Re1 Nd7 18. Bc2 1/2-1/2

[Event "4. Copa Itau"]
[Site "?"]
[Date "2000.10.19"]
[Round "4"]
[White "Toth Christian Endre"]
[Black "Leitao Rafael"]
[Result "0-1"]
[WhiteElo "2377"]
[BlackElo "2567"]
[PlyCount "70"]
[EventDate "2000.??.??"]
[Source "www.chesslib.no"]
[SourceDate "2004.05.04"]

1. d4 Nf6 2. c4 c5 3. d5 d6 4. Nc3 g6 5. e4 Bg7 6. Nf3 O-O 7. h3 Na6 8. Be2 e6 9. O-O exd5 10. cxd5 Re8 11. Nd2 Nc7 12. Re1 Bd7 13. a4 a6 14. Bf3 Bf8 15. Nc4 b5 16. Nb6 Rb8 17. a5 Na8 18. Nxa8 Rxa8 19. Bf4 b4 20. Nb1 Bb5 21. b3 Nxe4 22. Rxe4 Rxe4 23. Bxe4 Qf6 24. Nd2 Qxf4 25. g3 Qe5 26. Rc1 Bh6 27. Bf3 Qb2 28. Rc2 Qa3 29. Nc4 Qxb3 30. Nxd6 Ba4 31. Be4 f5 32. Nxf5 gxf5 33. Bxf5 Kh8 34. Qa1+ Bg7 35. Qc1 Qa3 0-1

[Event "DSV-Turnier"]
[Site "Berlin East"]
[Date "1982.??.??"]
[Round "10"]
[White "Lukacs, Peter"]
[Black "Ghitescu, Theodor"]
[Result "1-0"]
[WhiteElo "2485"]
[BlackElo "2425"]
[PlyCount "93"]
[EventDate "1982.10.??"]
[Source "ChessBase"]

1. d4 Nf6 2. c4 c5 3. d5 d6 4. Nc3 g6 5. e4 Bg7 6. Nf3 O-O 7. h3 e5 8. Bg5 h6 9. Be3 Nh5 10. Nh2 Na6 11. g3 Nc7 12. Be2 Nf6 13. h4 a6 14. a4 Bd7 15. a5 Rb8 16. h5 g5 17. g4 b5 18. axb6 Rxb6 19. Bc1 Qc8 20. f3 Qb7 21. Nf1 Ra8 22. Ne3 Kh7 23. O-O Ng8 24. Bd3 Bf6 25. Bc2 Bd8 26. Ba4 Ne8 27. Bxd7 Qxd7 28. Na4 Rbb8 29. Bd2 Ngf6 30. Ra3 Ng7 31. Kg2 Qc8 32. Qc2 Nd7 33. Rfa1 Rb7 34. Nc3 Rbb8 35. Ne2 Bb6 36. Ng3 Bd8 37. b3 Ra7 38. Nef5 Ne8 39. Ne2 Ndf6 40. Qa2 Qb7 41. Nc3 Bb6 42. Rxa6 Rba8 43. Rxa7 Rxa7 44. Qb2 Ra6 45. Nb5 Bc7 46. Rxa6 Qxa6 47. Qa3 1-0

[Event "RUS-Cup"]
[Site "Moscow"]
[Date "2000.??.??"]
[Round "3"]
[White "Kazhgaleyev, Murtas"]
[Black "Bratchenko, Alexander"]
[Result "1-0"]
[WhiteElo "2505"]
[BlackElo "2400"]
[PlyCount "47"]
[EventDate "2000.??.??"]
[Source "www.chesslib.no"]
[SourceDate "2004.05.04"]

1. d4 Nf6 2. c4 c5 3. d5 d6 4. Nc3 g6 5. e4 Bg7 6. Nf3 O-O 7. h3 e6 8. Bg5 Re8 9. Bd3 Na6 10. O-O Nc7 11. Qd2 a6 12. a4 exd5 13. exd5 Qd7 14. a5 Rb8 15. Bc2 b5 16. axb6 Rxb6 17. Ba4 Qf5 18. Bxe8 Ncxe8 19. Rfe1 Qd7 20. Re2 Qb7 21. Rae1 Bd7 22. Bh6 Bxh6 23. Qxh6 Rxb2 24. Re7 1-0

[Event "Gothenburg Cup"]
[Site "Gothenburg"]
[Date "2001.??.??"]
[Round "3"]
[White "Aaberg, Anton"]
[Black "Marin, Mihail"]
[Result "0-1"]
[WhiteElo "2300"]
[BlackElo "2604"]
[PlyCount "78"]
[EventDate "2001.01.08"]
[Source "ChessBase"]
[SourceDate "2001.03.20"]

1. d4 Nf6 2. c4 c5 3. d5 d6 4. Nc3 g6 5. Nf3 Bg7 6. Nd2 O-O 7. e4 e6 8. Be2 Na6 9. O-O Nc7 10. a4 b6 11. f4 exd5 12. cxd5 Re8 13. Re1 Ba6 14. Bf3 Bd3 15. Nf1 c4 16. Ng3 Qd7 17. Bd2 h5 18. h4 Rab8 19. Nh1 b5 20. Nf2 b4 21. Na2 Na6 22. Rc1 b3 23. Nc3 Nb4 24. Be3 Nc2 25. Nxd3 cxd3 26. Qxd3 Nxe1 27. Rxe1 Ng4 28. Bd4 Rb4 29. Bxg7 Kxg7 30. Re2 a5 31. g3 Qa7+ 32. Kg2 Rd4 33. Nb5 Rxd3 34. Nxa7 f5 35. Nb5 Ne3+ 36. Kg1 fxe4 37. Nxd6 exf3 38. Nxe8+ Kf8 39. Re1 Ng4 0-1

[Event "Novi Sad"]
[Site "Novi Sad"]
[Date "1981.??.??"]
[Round "10"]
[White "Deze, Anton"]
[Black "Rakic, Tomislav"]
[Result "1/2-1/2"]
[WhiteElo "2445"]
[BlackElo "2425"]
[PlyCount "24"]
[EventDate "1981.03.??"]
[Source "ChessBase"]

1. d4 Nf6 2. c4 c5 3. d5 d6 4. Nc3 e5 5. e4 Be7 6. Be2 O-O 7. Nf3 a6 8. O-O Nbd7 9. a3 Rb8 10. Nd2 Ne8 11. b4 g6 12. bxc5 Nxc5 1/2-1/2

[Event "Cappelle Open"]
[Site "Cappelle la Grande FRA"]
[Date "1994.??.??"]
[Round "3"]
[White "Czebe, Attila"]
[Black "Gdanski, Jacek"]
[Result "1-0"]
[WhiteElo "2355"]
[BlackElo "2505"]
[PlyCount "88"]
[EventDate "1994.02.??"]
[Source "www.chesslib.no"]
[SourceDate "2004.05.04"]

1. d4 Nf6 2. c4 c5 3. d5 d6 4. Nc3 g6 5. Bg5 Bg7 6. Qd2 h6 7. Bf4 g5 8. Bg3 Nh5 9. e4 a6 10. Bd3 Nd7 11. Nge2 Ne5 12. f4 gxf4 13. Bxf4 Nxf4 14. Nxf4 h5 15. O-O Bh6 16. Nd1 Qb6 17. Ne3 Bd7 18. Be2 O-O-O 19. Nd3 Rdg8 20. Kh1 f6 21. Qc3 Ng4 22. Bxg4 hxg4 23. Nf5 Bxf5 24. exf5 g3 25. Qe1 Bd2 26. Qe6+ Kb8 27. h3 Rg7 28. Qe2 Bh6 29. Rab1 a5 30. b3 Qd8 31. a3 Qg8 32. Rf3 Rgh7 33. Qe1 Qg4 34. Qxg3 Qd4 35. Qe1 Rg7 36. Rb2 Rhg8 37. Re2 a4 38. Re4 Bd2 39. Rxd4 Bxe1 40. Re4 Bc3 41. Nf4 Rg3 42. Ree3 Rxf3 43. Rxf3 Be5 44. bxa4 Kc8 1-0

[Event "Warsaw Legion Open"]
[Site "Warsaw POL"]
[Date "1991.??.??"]
[Round "4"]
[White "Kiselev, Sergey"]
[Black "Suetin, Alexei S"]
[Result "1-0"]
[WhiteElo "2475"]
[BlackElo "2375"]
[PlyCount "71"]
[EventDate "1991.??.??"]
[Source "www.chesslib.no"]
[SourceDate "2004.05.04"]

1. d4 Nf6 2. c4 c5 3. d5 d6 4. Nc3 g6 5. e4 Bg7 6. Nf3 O-O 7. h3 b5 8. cxb5 a6 9. bxa6 Bxa6 10. Bxa6 Nxa6 11. O-O Qb6 12. Re1 Nd7 13. Re2 Qb7 14. Bf4 Ra7 15. Rc1 Nb4 16. a3 Na6 17. Rcc2 Rb8 18. e5 dxe5 19. Nxe5 Nxe5 20. Bxe5 Bxe5 21. Rxe5 Qb6 22. Qe2 Rbb7 23. Re4 Rd7 24. Qe3 Rab7 25. Re2 Qf6 26. Rf4 Qg7 27. Ra4 Rb6 28. Qd3 Nc7 29. Qc4 Qh6 30. Qxc5 Qc1+ 31. Kh2 Rxb2 32. Rxb2 Qxb2 33. Qc6 Kg7 34. Re4 Qb8 35. Qxd7 Nxd5+ 36. f4 1-0

[Event "ISL Team Ch"]
[Site "Island"]
[Date "1995.??.??"]
[Round "?"]
[White "Thorsteins, Karl"]
[Black "Gretarsson, Andri Ass"]
[Result "1-0"]
[WhiteElo "2500"]
[BlackElo "2330"]
[PlyCount "61"]
[EventDate "1995.??.??"]
[Source "www.chesslib.no"]
[SourceDate "2004.05.04"]

1. d4 Nf6 2. c4 c5 3. d5 d6 4. Nc3 g6 5. e4 e5 6. Nf3 Bg7 7. h3 O-O 8. Bd3 Na6 9. O-O Nh5 10. Bg5 Qb6 11. Qc1 Nf4 12. Bxf4 exf4 13. Re1 Bd7 14. a3 Be5 15. Rb1 f6 16. Qd2 Rfc8 17. b4 Qd8 18. Bf1 Kg7 19. Ne2 g5 20. g3 fxg3 21. Nxg3 Bxg3 22. fxg3 Qe7 23. Qc3 h6 24. Rb2 b6 25. e5 dxe5 26. Nxe5 Re8 27. d6 Qe6 28. Rbe2 cxb4 29. axb4 Rad8 30. Nxd7 Qxd7 31. Re7+ 1-0

[Event "Parsvnath ch-Commonwealth"]
[Site "New Delhi IND"]
[Date "2007.12.05"]
[Round "4"]
[White "Karthikeyan, P."]
[Black "Reefat, S."]
[Result "0-1"]
[WhiteElo "2340"]
[BlackElo "2482"]
[PlyCount "126"]
[EventDate "2007.12.03"]
[Source "www.chesslib.no"]
[SourceDate "2004.05.04"]

1. d4 Nf6 2. c4 c5 3. d5 d6 4. Nc3 e5 5. e4 Be7 6. Bd3 Nbd7 7. Nge2 Nf8 8. f3 Ng6 9. Be3 Nh5 10. g3 Nf6 11. Qd2 h5 12. O-O-O a6 13. Kb1 Bd7 14. Rc1 h4 15. Rhg1 Qa5 16. Qe1 b5 17. Bd2 Qb6 18. Nd1 Rb8 19. Rc2 Nh5 20. Ne3 Bg5 21. Ba5 Qb7 22. Nf5 Bxf5 23. exf5 Ne7 24. Nc3 bxc4 25. Bxc4 Nxf5 26. Ne4 Be7 27. Bc3 Nf6 28. f4 Nxd5 29. fxe5 Nde3 30. Bd3 c4 31. Re2 cxd3 32. Rxe3 Nxe3 33. Qxe3 dxe5 34. Bxe5 Qb6 35. Qe1 O-O 36. gxh4 f6 37. Bxb8 Rxb8 38. Rg2 Ba3 39. Qc3 Bb4 40. Qxd3 Rd8 41. Qb3+ Kh8 42. a3 Qc6 43. Qxb4 f5 44. Qc3 Qxe4+ 45. Qc2 Rd1+ 46. Ka2 Qd5+ 47. b3 a5 48. Qe2 Qd7 49. a4 Rd4 50. Qh5+ Kg8 51. Re2 Rd2+ 52. Rxd2 Qxd2+ 53. Kb1 Qd3+ 54. Kb2 Qe4 55. Qg6 Qe5+ 56. Kc2 Qxh2+ 57. Kd3 Qh3+ 58. Kc2 Qg4 59. Qe8+ Kh7 60. Qe5 f4 61. Qxa5 f3 62. Qb5 f2 63. Qf1 Qg1 0-1

[Event "Spring Festival GM"]
[Site "?"]
[Date "2003.03.08"]
[Round "6"]
[White "Bets Anatolij"]
[Black "Ardelean George Catalin"]
[Result "1-0"]
[WhiteElo "2357"]
[BlackElo "2450"]
[PlyCount "105"]
[EventDate "2003.??.??"]
[Source "www.chesslib.no"]
[SourceDate "2004.05.04"]

1. d4 Nf6 2. c4 c5 3. d5 d6 4. Nc3 g6 5. e4 Bg7 6. Nge2 O-O 7. f3 e6 8. Ng3 exd5 9. cxd5 a6 10. a4 Nbd7 11. Be2 h5 12. Bg5 Re8 13. Nf1 Qb6 14. Qc2 Nh7 15. Be3 Ne5 16. Nd2 f5 17. O-O Qd8 18. f4 Nf7 19. Bf2 fxe4 20. Ndxe4 Bf5 21. Bf3 Nf6 22. Bh4 Nxe4 23. Bxd8 Bd4+ 24. Kh1 Ng3+ 25. hxg3 Bxc2 26. Bb6 Nh6 27. Rfe1 Bf2 28. Re6 Bf5 29. Ne4 Bxe6 30. dxe6 Bd4 31. Nxd6 Re7 32. Nxb7 Rb8 33. Bxc5 Bxc5 34. Nxc5 Rxb2 35. Nxa6 Kf8 36. a5 Ra7 37. Nc5 Ng4 38. a6 Rc2 39. Nd7+ Ke7 40. Nb8 Kd6 41. Bb7 Rc7 42. Rb1 Ke7 43. Kg1 Rc2 44. Kf1 Kxe6 45. Rb6+ Kf5 46. Rb3 Ra2 47. Ke1 Ra5 48. Rb6 Ne3 49. Ke2 Nc4 50. Rc6 Ra4 51. Bc8+ Ke4 52. Re6+ Kd4 53. Nc6+ 1-0

[Event "Sitges op"]
[Site "?"]
[Date "1993.??.??"]
[Round "7"]
[White "Nielsen Thomas Bach"]
[Black "Marin Mihail"]
[Result "0-1"]
[WhiteElo "2290"]
[BlackElo "2515"]
[PlyCount "54"]
[EventDate "1993.??.??"]
[Source "www.chesslib.no"]
[SourceDate "2004.05.04"]

1. d4 Nf6 2. c4 c5 3. d5 d6 4. Nc3 g6 5. e4 Bg7 6. Nge2 O-O 7. Ng3 e6 8. Be2 exd5 9. exd5 Ne8 10. Be3 Nd7 11. Qd2 f5 12. Bh6 Ne5 13. h4 Qe7 14. O-O-O Bxh6 15. Qxh6 f4 16. Nge4 Rf5 17. Ng5 Nf6 18. Rhe1 Kh8 19. Nb5 Bd7 20. Nxd6 Qxd6 21. g4 Rxg5 22. hxg5 Nh5 23. Rh1 Nf7 24. Rxh5 Nxh6 25. Rxh6 Re8 26. Rdh1 Re7 27. Bd3 Be8 0-1

[Event "Mayors Cup Open"]
[Site "Mumbai IND"]
[Date "2008.05.13"]
[Round "4"]
[White "Singh, DP."]
[Black "Reefat, S."]
[Result "0-1"]
[WhiteElo "2308"]
[BlackElo "2487"]
[PlyCount "50"]
[EventDate "2008.05.11"]
[Source "www.chesslib.no"]
[SourceDate "2004.05.04"]

1. d4 Nf6 2. c4 c5 3. d5 d6 4. Nc3 e5 5. e4 Be7 6. Bd3 h6 7. Nge2 Nbd7 8. Ng3 h5 9. O-O g6 10. a3 h4 11. Nge2 Nh5 12. Be3 Bg5 13. Qd2 Bxe3 14. Qxe3 Qf6 15. f3 Nf4 16. Nd1 Qg5 17. Nxf4 exf4 18. Qd2 Ne5 19. Kh1 h3 20. g4 f5 21. Be2 fxg4 22. fxg4 Bxg4 23. Bxg4 Qxg4 24. Rxf4 Qg5 25. Qf2 Nd3 0-1

[Event "AUT-chT2S 9899"]
[Site "Austria"]
[Date "1999.03.06"]
[Round "7.6"]
[White "Forintos, Gyozo V"]
[Black "Hresc, Vladimir"]
[Result "1-0"]
[WhiteElo "2370"]
[BlackElo "2425"]
[PlyCount "93"]
[EventDate "1998.10.??"]
[Source "www.chesslib.no"]
[SourceDate "2004.05.04"]

1. d4 Nf6 2. c4 c5 3. d5 d6 4. Nc3 g6 5. e4 Bg7 6. Nge2 O-O 7. Ng3 e6 8. Be2 exd5 9. exd5 Na6 10. O-O Nc7 11. Re1 Re8 12. a4 Bg4 13. f3 Bc8 14. Bf4 a6 15. Qd2 b6 16. Bg5 Qe7 17. Qf4 Qe5 18. Qxe5 dxe5 19. Nce4 Nxe4 20. Nxe4 f5 21. Nf6+ Bxf6 22. Bxf6 Kf7 23. Bg5 a5 24. Rad1 Bd7 25. b3 Na6 26. Rd2 Kg7 27. Bd1 h6 28. Bh4 g5 29. Bf2 Nb4 30. g4 f4 31. Re4 Kf6 32. Be1 Re7 33. Rde2 Rae8 34. Bc3 Bc8 35. h4 Bb7 36. Rh2 Kg6 37. hxg5 hxg5 38. Bxb4 axb4 39. Bc2 Kg7 40. Rh5 b5 41. Rxg5+ Kf6 42. Rf5+ Kg7 43. axb5 Bc8 44. Rh5 Kf6 45. Re2 Ra7 46. Rh6+ Kg5 47. Reh2 1-0

[Event "Statistika"]
[Site "Budapest"]
[Date "1993.??.??"]
[Round "3"]
[White "Petran, Pal"]
[Black "Habibi, Ali"]
[Result "1-0"]
[WhiteElo "2485"]
[BlackElo "2305"]
[PlyCount "99"]
[EventDate "1993.??.??"]
[Source "www.chesslib.no"]
[SourceDate "2004.05.04"]

1. d4 Nf6 2. c4 c5 3. d5 d6 4. Nc3 g6 5. e4 Bg7 6. Nf3 O-O 7. h3 Nbd7 8. Bd3 a6 9. O-O Ne8 10. Bf4 Ne5 11. Nxe5 dxe5 12. Be3 b6 13. f4 Bh6 14. Qd2 Qd6 15. f5 Bg7 16. a3 Nf6 17. Rab1 Bd7 18. b4 Rfc8 19. bxc5 bxc5 20. Rb7 Rab8 21. Rfb1 Rxb7 22. Rxb7 Nh5 23. Ne2 e6 24. dxe6 fxe6 25. fxg6 Bc6 26. gxh7+ Kh8 27. Rb3 Ba4 28. Rb2 Nf4 29. Bb1 Qf8 30. Nc3 Be8 31. Kh2 Qe7 32. Qf2 Bg6 33. Na4 Bf8 34. g3 Nh5 35. Rd2 Kxh7 36. Bc2 Rc7 37. Bd1 Nf6 38. Nxc5 Bg7 39. Bf3 Qe8 40. g4 Qc8 41. g5 Ne8 42. Bg4 Rc6 43. h4 Rxc5 44. Bxc5 Bxe4 45. Qf7 Bg6 46. Bxe6 Bxf7 47. Bxc8 Bxc4 48. Rd8 Bb5 49. Bf5+ Kg8 50. Bg6 1-0

[Event "HUN Team Ch"]
[Site "HUN"]
[Date "1993.??.??"]
[Round "?"]
[White "Petran, Pal"]
[Black "Mester, Gyula"]
[Result "1-0"]
[WhiteElo "2485"]
[BlackElo "2290"]
[PlyCount "67"]
[EventDate "1993.??.??"]
[Source "www.chesslib.no"]
[SourceDate "2004.05.04"]

1. d4 Nf6 2. c4 c5 3. d5 d6 4. Nc3 g6 5. e4 Bg7 6. Nf3 O-O 7. h3 e5 8. g4 b5 9. cxb5 a6 10. a4 axb5 11. Bxb5 Ba6 12. Bd2 Nfd7 13. O-O h6 14. Kh2 f5 15. gxf5 gxf5 16. Rg1 Kh8 17. Qe2 Qf6 18. Rg3 f4 19. Rg4 Bc8 20. Rag1 Rg8 21. Rg6 Qf7 22. Rxd6 Bf8 23. Rxg8+ Qxg8 24. Re6 Nf6 25. Nxe5 Qg7 26. Rxf6 Qxf6 27. Nf3 Ra7 28. e5 Qf5 29. e6 Rg7 30. Bd3 Qf6 31. Qe5 Qxe5 32. Nxe5 f3 33. Nxf3 Bd6+ 34. Kh1 1-0

[Event "Schneider mem op "]
[Site "Budapest"]
[Date "1996.??.??"]
[Round "?"]
[White "Orso, Miklos"]
[Black "Farago, Sandor"]
[Result "1-0"]
[WhiteElo "2410"]
[BlackElo "2365"]
[PlyCount "103"]
[EventDate "1996.??.??"]
[Source "www.chesslib.no"]
[SourceDate "2004.05.04"]

1. d4 Nf6 2. c4 c5 3. d5 d6 4. Nc3 g6 5. e4 Bg7 6. Nf3 O-O 7. h3 e5 8. Bg5 h6 9. Bh4 a6 10. Nd2 Qe8 11. Be2 Nbd7 12. a3 Nh7 13. Rb1 Bf6 14. Bg3 Bd8 15. O-O Qe7 16. Kh1 f5 17. exf5 gxf5 18. f4 Kh8 19. Qc2 e4 20. Rg1 Rg8 21. Nf1 Nhf6 22. Bf2 Nf8 23. b4 b6 24. Ne3 Ng6 25. g3 Ra7 26. Rb2 Qf8 27. Rgb1 Rag7 28. bxc5 dxc5 29. Na4 Nd7 30. Be1 Nxf4 31. gxf4 Rg1+ 32. Kh2 Qg7 33. Bg4 Rxe1 34. Nxf5 Qg6 35. Rxe1 Nf6 36. Ne3 h5 37. Qc3 hxg4 38. hxg4 Rg7 39. g5 Rh7+ 40. Kg1 Qh5 41. Rg2 Qh1+ 42. Kf2 Qh4+ 43. Ke2 Bh3 44. Rf2 Rg7 45. Rh1 Nh5 46. Rhh2 Bc7 47. Kd2 Qg3 48. d6 Bxd6 49. Nd5 e3+ 50. Qxe3 Bxf4 51. Nxf4 Rd7+ 52. Nd5 1-0

[Event "Czech Open, Pardubice CZE"]
[Site "?"]
[Date "2001.??.??"]
[Round "6"]
[White "Kraai, J."]
[Black "Tugui, A."]
[Result "1-0"]
[WhiteElo "2445"]
[BlackElo "2325"]
[PlyCount "59"]
[EventDate "2001.??.??"]
[Source "www.chesslib.no"]
[SourceDate "2004.05.04"]

1. d4 Nf6 2. c4 c5 3. d5 d6 4. Nc3 e5 5. e4 Be7 6. Nf3 O-O 7. Be2 Ne8 8. O-O Bg4 9. Ne1 Bxe2 10. Nxe2 Bg5 11. f4 exf4 12. Nf3 Bf6 13. Bxf4 Nd7 14. Qc2 Qe7 15. Rac1 Ne5 16. Nc3 Nxf3+ 17. gxf3 Bd4+ 18. Kh1 Nf6 19. Ne2 Nh5 20. Nxd4 Nxf4 21. Nf5 Qe5 22. Rg1 g6 23. Qd2 Nh5 24. f4 Qf6 25. Rg5 Kh8 26. e5 dxe5 27. fxe5 Qd8 28. Rcg1 f6 29. Rxh5 gxh5 30. Qh6 1-0

[Event "WchT U26"]
[Site "Mexico"]
[Date "1980.??.??"]
[Round "?"]
[White "Henley, Ron W"]
[Black "Braga, Cicero"]
[Result "1-0"]
[WhiteElo "2405"]
[BlackElo "2350"]
[PlyCount "59"]
[EventDate "1980.08.??"]
[Source "ChessBase"]

1. d4 Nf6 2. c4 c5 3. d5 d6 4. Nc3 g6 5. e4 Bg7 6. Nf3 O-O 7. h3 e5 8. Be3 Nh5 9. Nd2 Bf6 10. Bh6 Bg7 11. Be3 Bf6 12. Nf3 Be7 13. Bh6 Ng7 14. g4 Na6 15. Rg1 Bd7 16. Qd2 Nc7 17. O-O-O Rb8 18. Nxe5 dxe5 19. d6 Bc6 20. dxe7 Qxe7 21. Nd5 Bxd5 22. cxd5 Rbd8 23. d6 Qe6 24. Qa5 b6 25. Qxa7 Nce8 26. Qxb6 Nxd6 27. Rg3 Rb8 28. Qxd6 Qxa2 29. Qxe5 Ne6 30. Ra3 1-0

[Event "POL-chB"]
[Site "Bielsko Biala"]
[Date "1991.??.??"]
[Round "2"]
[White "Skalik, Przemyslaw"]
[Black "Kujawski, Adam"]
[Result "1/2-1/2"]
[WhiteElo "2415"]
[BlackElo "2310"]
[PlyCount "66"]
[EventDate "1991.??.??"]
[Source "www.chesslib.no"]
[SourceDate "2004.05.04"]

1. d4 Nf6 2. c4 c5 3. d5 d6 4. Nc3 g6 5. e4 Bg7 6. Nf3 Bg4 7. h3 Bxf3 8. Qxf3 O-O 9. Qd1 Re8 10. Be2 e6 11. O-O exd5 12. exd5 Ne4 13. Nxe4 Rxe4 14. Bd3 Re8 15. Bf4 Be5 16. Be3 Nd7 17. Qd2 f5 18. Rab1 Qf6 19. Bg5 Qf7 20. Rfe1 Bd4 21. Bf1 Rxe1 22. Rxe1 Re8 23. Rxe8+ Qxe8 24. b3 b6 25. Kh2 Bf6 26. Be3 Qe7 27. g3 Ne5 28. Bg2 h5 29. f4 Nd7 30. Bf3 Bg7 31. Bf2 Nf6 32. Qd3 Kf7 33. Kg2 Bh6 1/2-1/2

[Event "Adelquis Remon"]
[Site "CUB"]
[Date "1997.??.??"]
[Round "?"]
[White "Alvarez, Jose"]
[Black "Gomez, F."]
[Result "0-1"]
[WhiteElo "2390"]
[BlackElo "2335"]
[PlyCount "132"]
[EventDate "1997.??.??"]
[Source "www.chesslib.no"]
[SourceDate "2004.05.04"]

1. d4 Nf6 2. c4 c5 3. d5 d6 4. Nc3 g6 5. e4 Bg7 6. Nf3 O-O 7. h3 b5 8. cxb5 a6 9. a4 e6 10. dxe6 Bxe6 11. Be2 axb5 12. Bxb5 d5 13. exd5 Nxd5 14. Nxd5 Qxd5 15. O-O Na6 16. Qe2 Nc7 17. Rd1 Qb3 18. Bf4 Nxb5 19. Qxb5 Bxb2 20. Rab1 Rxa4 21. Qxb3 Bxb3 22. Rd6 Rxf4 23. Rxb2 Be6 24. Rc6 Rc4 25. Rb5 Rc1+ 26. Kh2 c4 27. Rbc5 Rd8 28. h4 Bd5 29. Rc7 Bxf3 30. Rc8 Rxc8 31. Rxc8+ Kg7 32. gxf3 h5 33. Rc6 Kf8 34. Rc7 c3 35. Kg3 c2 36. Kg2 Ke8 37. Kh2 Kd8 38. Rc3 Ke7 39. Kg2 f6 40. Rc6 Kd7 41. Rc3 Kd6 42. Rc8 Ke5 43. Rc5+ Kd4 44. Rc8 g5 45. hxg5 fxg5 46. Rd8+ Ke5 47. Re8+ Kf6 48. Rf8+ Kg7 49. Rc8 h4 50. Rc4 h3+ 51. Kh2 Kg6 52. Rc6+ Kf5 53. Rc8 Kf4 54. Rc3 Ke5 55. Rc8 Kd4 56. Rd8+ Kc3 57. Rc8+ Kd2 58. Kxh3 Rh1+ 59. Kg4 Rg1+ 60. Kf5 c1=Q 61. Rxc1 Kxc1 62. f4 gxf4 63. Kxf4 Kd2 64. Ke5 Re1+ 65. Kf5 Kd3 66. f4 Kd4 0-1